000
00230nam a22000857a 4500
008
160824b xxu||||| |||| 00| 0 eng d
100
_9
240
_a
Bhat R.L
245
_a
ABC of Social Science
260
_a
New Delhi
_b
Holy Faith publication
_c
2008
999
_c
2895
_d
2895